• 首页
  • 本馆介绍
  • 公告通知
  • 最新文献
  • 馆藏检索
  • 电子资源
  • 读者导购
  • 参考咨询
  • 我的图书馆
  • 登录
  • 详细信息显示
  • 放入我的书架
  • 预约/预借图书
  • 作者相关作品
  • 分类相关作品
  • 丛书相关作品
  • 出版社相关作品

书目信息

  • 表格格式
  • 工作单格式
  • 卡片格式
书名: Aging and the life course
作者: Jill Quadagno.
分册号:
分册名:
出版地: Boston :
 
出版社: McGraw-Hill College
出版时间: c1999.
页数: xxii, 479 p. :
开本: 24 cm.
丛书名:
中图分类号:
科图分类号:
其他分类号: R592
主题词:
电子资源:
000 00647nam 22000217i 450
001 0206082596
005 20070323165749.00
008 980223m1999 u y a b 001 0
020    @a0070522561 (acid-free paper) :@cD.
041    @aeng
050    @aHQ1061@bQ33 1999
082 04 @a305.26@221
090    @aR592
099    @dR592@ex13
100 1  @aQuadagno@cJill S.
245 10 @aAging and the life course / @cJill Quadagno.
260 1  @aBoston :@bMcGraw-Hill College,@cc1999.
300    @axxii, 479 p. :@bill. ;@c24 cm.
504    @aIncludes bibliographical references (p. 411-454) and indexes.
650  4 @aGeriatrics.
650  4 @aGerontology.
    
    Aging and the life course / / Jill Quadagno.-Boston : : McGraw-Hill College, , c1999.
    xxii, 479 p. : : ill. ; ; 24 cm.
    Includes bibliographical references (p. 411-454) and indexes.
    
    ISBN 0070522561 (acid-free paper) :D.
    
●
相关链接 在E读中查询图书 在五车中查询图书 在当当中查询图书 在豆瓣中查询图书


正题名:Aging and the life course     索取号:R592/x13         预约/预借

序号 登录号 条形码 馆藏地/架位号 状态 备注
1 0003562   300035628   第二样本阅览室/ [索取号:R592/x13] 在馆    
2 0003563   300035637   第四借阅区/ [索取号:R592/x13] 在馆    
3 3766   300037662   第四借阅区/ [索取号:R592/x13] 在馆    
4 3767   300037671   第四借阅区/ [索取号:R592/x13] 在馆    
5 3768   300037680   第四借阅区/ [索取号:R592/x13] 在馆    
唐山师范学院图书馆 欢迎您!
大连网信软件有限公司© 版权所有